000 00951cab a2200301 4500
001 ABS58962
008 090401t1998 xxu||||| |||| 00| 0 eng d
035 _a(Sirsi) u86999
041 _aeng
100 _aBowman, E.
245 _aRural and agricultural reform in Scotland
260 _c1998
350 _a0
490 _aThe Valuer
_v67(3) May/June 1998, 22-23(2)
520 _aDiscusses the findings of the Scottish Office`s Land Reform Policy Group. Considers the case for reform and the areas in need of reform such as, law, landownership, crofting, land use and registration.
650 _aAGRICULTURAL HOLDINGS (SCOTLAND) ACT 1991
650 _aLAND REGISTRATION
650 _aLAND TENURE
650 _aLand use
_96251
650 _aLANDOWNERSHIP
650 _aPUBLIC SECTOR
650 _aREFORM
650 _aSCOTLAND
650 _aSCOTTISH PARLIAMENT
690 _aRURAL PRACTICE
942 _n0
948 _c24/06/1998
999 _c54801
_d54801